000 00941nas a2200313 4500
001 BR0205533
003 BR-BrBNA
005 20231205103352.0
007 ta
008 230509b bl.|||p| |||| 00| 00por d
040 _aBR-BrBNA
_bpor
_cBiblioteca Nacional de Agricultura
041 _a(Pt)
072 _aF30
100 1 _aCosta, M.A.P. de C.
100 1 _aMourão Filho, F. de A.A.
100 1 _aMendes, B.M.J.
245 1 _aIsolamento e eficiência de plaqueamento de protoplastos de citros
650 _aFRUTA CÍTRICA
650 _aPROTOPLASTO
650 _aHIBRIDAÇÃO
650 _aEMBRIÃO VEGETAL
650 _aCALO
650 _aDENSIDADE DE PLANTIO
650 _aVARIEDADE
650 _aMELHORAMENTO GENÉTICO VEGETAL
773 0 _tRevista Brasileira de Fruticultura (Brazil)
_xISSN 0100-2945
_g(Aug 2002), v. 24(2) p. 472-476
_wBR0205533
909 _a202311
_bLúcia
_c55
_dLúcia Elande
942 _2AGRIS
_n0
_cANA
999 _c172498
_d172498